| 000 | 01715nam a2200373 i 4500 | ||
|---|---|---|---|
| 001 | 20250786 | ||
| 003 | EG-ScBUE | ||
| 005 | 20230215041607.0 | ||
| 008 | 180104t2018 nyua f b 001 0 eng d | ||
| 020 | _a9780826140746 (pbk.) | ||
| 020 | _a0826140742 (pbk.) | ||
| 035 | _a(DNLM)101718922 | ||
| 040 |
_aDNLM/DLC _beng _erda _cDLC _dDLC _dEG-ScBUE |
||
| 082 | 0 | 4 |
_a614.15 _222 _bGOM |
| 100 | 1 |
_aGomberg, Linda, _eauthor. |
|
| 245 | 1 | 0 |
_aForensic psychology 101 / _cLinda Gomberg, JD, PhD. |
| 246 | 3 | _aForensic psychology one hundred and one | |
| 264 | 1 |
_aNew York, NY : _bSpringer Publishing Company, LLC, _c[2018] |
|
| 264 | 4 | _cc2018 | |
| 300 |
_axxi, 238 pages : _billustrations ; _c21 cm. |
||
| 336 |
_atext _2rdacontent _btxt |
||
| 337 |
_aunmediated _2rdamedia _bn |
||
| 338 |
_avolume _2rdacarrier _bnc |
||
| 490 | 0 | _aThe psych 101 series | |
| 504 | _aIncludes bibliographical references and index. | ||
| 505 | 0 | _aThe history of forensic psychology -- Constitutional law and what forensic psychologists need to know -- How they met : behavior and the law -- Criminal matters : ethics, types of crimes, and criminal cases -- The forensic psychologist's role in civil cases : experts, juries & research -- The forensic psychologist's role in family court -- The forensic psychologist's role in the juvenile justice system -- The roles of the forensic psychologist and the lawyer -- The growing future of forensic psychology. | |
| 650 | 7 |
_aForensic psychiatry. _2BUEsh |
|
| 653 |
_bHHUUPPSS _cFebruary2023 |
||
| 655 | _vReading book | ||
| 906 |
_a7 _bcbc _corignew _d1 _eecip _f20 _gy-gencatlg |
||
| 942 |
_2ddc _cBB |
||
| 999 |
_c30152 _d30123 |
||